00611cab a2200181 a 4500008004100000020001500041035001200056050002700068100002800095245007700123250001100200260006100211300002100272440001600293500005200309506004400361650002400405041020s2002 mx 000 0 spa u a9688452513 aa44074100aGT3913 .128 bA52 20021 aAnaya Cortés, Ricardo13aEl graffiti en México :b¿arte o desastre? /cRicardo Anaya Cortés. a1a ed. aMéxico :bUniversidad Autónoma de Queretaro, c2002. a226 p. ;c21 cm. 0aHumanidades aEn la cubierta: Prólogo de Carlos Monsiváis aDonado por el Dr. Gerado Sánchez Diaz 0aGraffiti zMéxico